| 000 | 00550cam a2200217 a 4500 | ||
|---|---|---|---|
| 001 | 3623438 | ||
| 005 | 20180131050703.0 | ||
| 008 | 740723s1975 mauc b 001 0beng | ||
| 010 | _a 74014590 | ||
| 020 | _a0805736816 | ||
| 040 |
_aDLC _cDLC _dDLC |
||
| 041 | _aeng | ||
| 080 | _a330.0924 JOH | ||
| 082 | 0 | 0 |
_a330.0924 JOH _aB |
| 100 | 1 | _a52 | |
| 101 | _aECO | ||
| 245 | 1 | 0 |
_aJohn Kenneth Galbraith _c[by] John S. Gambs. |
| 504 | _aBibliography: p. 121-123. | ||
| 906 |
_a7 _bcbc _corignew _d1 _eocip _f19 _gy-gencatlg |
||
| 942 |
_2ddc _cBK |
||
| 999 |
_c41363 _d41363 |
||